00568nam a2200193Ia 450000500170000000800410001702000150005808200210007310000130009424500430010726000540015030000160020465000150022065000100023565000110024594200060025695200970026299900150035920250206010100.0240331s9999 xx 000 0 und d a0863582117 bPRI23552a305.4 aPrice, J 0aMotherhood:bWhat it Does To Your Mind aLondon;aSydney;aWellingtonbPandora Pressc1988 aix, 155 p., aMotherhood aWomen aFamily cL 001040708LaWERCLbWERCLcSSCd2024-03-31l0o 305.4 PRIp3552r2024-03-31w2024-03-31yL c1688d1688